000 00919cam a22002411 4500
001 gs 34000154
003 DLC
005 20260227111338.0
008 780901s1931 wiuab s000 0 eng c
010 _ags 34000154
035 _a(OCoLC)4187539
040 _aU. S. Geol. Survey. Library
_cAzU
_dDLC
042 _apremarc
050 0 0 _aQE179
_b.A2 no. 60b
100 1 _aWhitson, A. R.
_q(Andrew R.),
_d1870-1945.
245 1 0 _aSoil survey of Monroe County,
_cby A. R. Whitson [and others.
260 _aMadison]
_bThe State,
_c1931
300 _a93 p.
_billus., fold. map.
_c23 cm.
490 0 _aWisconsin. Geological and Natural History Survey. Bulletin,
_vno. 60-B. Soil series, no. 35
650 0 _aSoil surveys
_zWisconsin
_zMonroe County.
810 2 _aWisconsin Geological and Natural History Survey.
_tBulletin.
_vno. 60B.
810 2 _aWisconsin Geological and Natural History Survey.
_tSoil series ;
_vno. 35.
999 _c27108
_d27108